000 00563nam a2200217Ia 4500
003 OSt
005 20220924143312.0
006 a|||||r|||| 00| 0
007 ta
008 220923b |||||||| |||| 00| 0 urd d
024 _a307653
037 _cTextual
040 _aARTS
_cARTS
_burd
041 _2urd
_aurd
082 _aw44Q7,N3, 168N4
100 _aBegham Noor Sabah
_9215339
245 0 _aPakistan ki mashoor shakshiyatein
260 _c1994
942 _hw44Q7,N3, 168N4
_cTEXL
_2CC
999 _c453981
_d453981